How to prevent common serious diseases / (Record no. 152745)

MARC details
000 -LEADER
fixed length control field 00609nam a22002057a 4500
005 - DATE AND TIME OF LATEST TRANSACTION
control field 20180615155612.0
008 - FIXED-LENGTH DATA ELEMENTS--GENERAL INFORMATION
fixed length control field 180615b xxu||||| |||| 00| 0 eng d
010 ## - LCCN (DPL NO)
LC control number A-994164
020 ## - INTERNATIONAL STANDARD BOOK NUMBER
International Standard Book Number 8120721543
Terms of availability 250.00
035 ## - SYSTEM CONTROL NUMBER
System control number A-994164
037 ## - SOURCE OF ACQUISITION
Source of stock number/acquisition BPPD / PUB
040 ## - CATALOGING SOURCE
Original cataloging agency dpl
082 ## - DEWEY DECIMAL CLASSIFICATION NUMBER
Classification number 616
100 ## - MAIN ENTRY--PERSONAL NAME
Personal name Puri,Ajit S.
245 ## - TITLE STATEMENT
Title How to prevent common serious diseases /
Statement of responsibility, etc by Ajit S. Puri
260 ## - PUBLICATION, DISTRIBUTION, ETC. (IMPRINT)
Place of publication, distribution, etc New Delhi
Name of publisher, distributor, etc Sterling Publication
Date of publication, distribution, etc 2000
270 ## - ADDRESS
Address L-10,Green Park Extension
City New Delhi
Postal code 110 016
300 ## - PHYSICAL DESCRIPTION
Extent X, 300p.
Dimensions 22cm (pbk)
Other physical details ill.
942 ## - ADDED ENTRY ELEMENTS (KOHA)
Item type English Books
Source of classification or shelving scheme Dewey Decimal Classification
Classification part 616
Call number suffix PUR
Holdings
Withdrawn status Lost status Source of classification or shelving scheme Damaged status Not for loan Collection code Home library Current library Date acquired Source of acquisition Cost, normal purchase price Total Checkouts Full call number Barcode Date last seen Cost, replacement price Koha item type
    Dewey Decimal Classification     Non-fiction Shahdara Branch Shahdara Branch 15/06/2018 BPPD/PUB 250.00 3 616 PUR A-994164 21/02/2022 250.00 English Books

© Delhi Public Library
Hit Counter
free hit counter